[Event "European Women's Championship"]
[Site "Vysoke Tatry"]
[Date "2018.04.10"]
[Round "3"]
[White "Kubicka, Anna"]
[Black "Cosma, Elena-Luminita"]
[Result "1/2-1/2"]
[Board "39"]
[WhiteElo "2215"]
[WhiteTitle "WFM"]
[WhiteCountry "POL"]
[WhiteFideId "1152254"]
[WhiteEloChange "3"]
[BlackElo "2340"]
[BlackTitle "WGM"]
[BlackCountry "ROU"]
[BlackFideId "1201590"]
[BlackEloChange "-3"]

1. e4 {[%clk 1:30:50]} e6 {[%clk 1:30:53]} 2. d4 {[%clk 1:31:13]} d5 {[%clk
1:31:17]} 3. Nd2 {[%clk 1:31:36]} c5 {[%clk 1:31:29]} 4. exd5 {[%clk 1:31:57]}
exd5 {[%clk 1:31:51]} 5. Ngf3 {[%clk 1:32:16]} Nc6 {[%clk 1:32:07]} 6. Bb5 {[%clk
1:32:29]} cxd4 {[%clk 1:31:51]} 7. O-O {[%clk 1:32:44]} Bd6 {[%clk 1:32:09]} 8.
Nb3 {[%clk 1:33:00]} Ne7 {[%clk 1:32:20]} 9. Nbxd4 {[%clk 1:33:08]} O-O {[%clk
1:32:15]} 10. Be3 {[%clk 1:33:09]} Bg4 {[%clk 1:19:32]} 11. Be2 {[%clk 1:33:13]}
Bh5 {[%clk 1:14:27]} 12. c3 {[%clk 1:32:50]} Bg6 {[%clk 1:08:47]} 13. Bd3 {[%clk
1:32:54]} a6 {[%clk 1:02:58]} 14. Qd2 {[%clk 1:30:20]} Qc7 {[%clk 1:03:00]} 15.
h3 {[%clk 1:26:21]} Na5 {[%clk 1:00:45]} 16. Bxg6 {[%clk 1:21:49]} hxg6 {[%clk
0:58:38]} 17. Qc2 {[%clk 1:17:36]} Nc4 {[%clk 0:57:58]} 18. Bg5 {[%clk 1:16:13]}
Rfe8 {[%clk 0:57:08]} 19. Rad1 {[%clk 1:15:37]} b5 {[%clk 0:55:33]} 20. Nd2
{[%clk 1:05:51]} Rac8 {[%clk 0:41:46]} 21. Nxc4 {[%clk 1:04:47]} dxc4 {[%clk
0:35:52]} 22. Bxe7 {[%clk 1:04:45]} Rxe7 {[%clk 0:35:21]} 23. a4 {[%clk 1:04:59]}
Rb8 {[%clk 0:27:58]} 24. axb5 {[%clk 1:04:56]} axb5 {[%clk 0:28:22]} 25. Rfe1
{[%clk 1:04:12]} Be5 {[%clk 0:24:16]} 26. Nf3 {[%clk 0:55:06]} Bf6 {[%clk
0:18:52]} 27. Rxe7 {[%clk 0:55:20]} Qxe7 {[%clk 0:19:15]} 28. Re1 {[%clk
0:51:10]} Qc5 {[%clk 0:16:01]} 29. Nd2 {[%clk 0:47:14]} Qf5 {[%clk 0:14:03]} 30.
Ne4 {[%clk 0:44:57]} Rd8 {[%clk 0:10:47]} 31. Nxf6+ {[%clk 0:41:04]} Qxf6 {[%clk
0:11:12]} 1/2-1/2

[Event "European Women's Championship"]
[Site "Vysoke Tatry"]
[Date "2018.04.10"]
[Round "3"]
[White "Trippold, Denise"]
[Black "Theissl Pokorna, Regina"]
[Result "0-1"]
[Board "44"]
[WhiteElo "2067"]
[WhiteTitle "WFM"]
[WhiteCountry "AUT"]
[WhiteFideId "1625594"]
[WhiteEloChange "-4"]
[BlackElo "2320"]
[BlackTitle "WGM"]
[BlackCountry "AUT"]
[BlackFideId "14902052"]
[BlackEloChange "4"]

1. d4 {[%clk 1:30:57]} Nf6 {[%clk 1:30:52]} 2. c4 {[%clk 1:31:21]} e6 {[%clk
1:31:18]} 3. Nf3 {[%clk 1:31:40]} d5 {[%clk 1:31:38]} 4. g3 {[%clk 1:31:58]} dxc4
{[%clk 1:31:53]} 5. Qa4+ {[%clk 1:31:09]} Nbd7 {[%clk 1:31:17]} 6. Qxc4 {[%clk
1:31:33]} a6 {[%clk 1:31:41]} 7. Bg2 {[%clk 1:31:13]} b5 {[%clk 1:32:06]} 8. Qb3
{[%clk 1:27:37]} Bb7 {[%clk 1:32:25]} 9. O-O {[%clk 1:27:08]} c5 {[%clk 1:32:08]}
10. Rd1 {[%clk 1:21:18]} Qb6 {[%clk 1:28:46]} 11. Nc3 {[%clk 1:17:53]} cxd4
{[%clk 1:18:34]} 12. Nxd4 {[%clk 1:17:54]} Bxg2 {[%clk 1:19:00]} 13. Kxg2 {[%clk
1:18:09]} Bc5 {[%clk 1:19:26]} 14. Be3 {[%clk 1:05:08]} O-O {[%clk 1:08:51]} 15.
Kg1 {[%clk 0:57:32]} Ne5 {[%clk 0:53:44]} 16. Nc2 {[%clk 0:55:41]} Neg4 {[%clk
0:49:40]} 17. Na4 {[%clk 0:48:45]} bxa4 {[%clk 0:50:03]} 18. Qxb6 {[%clk
0:49:08]} Bxb6 {[%clk 0:50:30]} 19. Bxb6 {[%clk 0:49:31]} Rab8 {[%clk 0:48:30]}
20. Bd4 {[%clk 0:48:44]} e5 {[%clk 0:45:17]} 21. Bc3 {[%clk 0:47:10]} Ne4 {[%clk
0:44:51]} 22. f3 {[%clk 0:43:29]} Nxc3 {[%clk 0:45:17]} 23. bxc3 {[%clk 0:43:55]}
Rb2 {[%clk 0:45:38]} 24. Nb4 {[%clk 0:25:46]} Ne3 {[%clk 0:43:17]} 25. Rdb1
{[%clk 0:23:39]} Rxe2 {[%clk 0:41:07]} 26. Re1 {[%clk 0:24:01]} Rxe1+ {[%clk
0:41:13]} 27. Rxe1 {[%clk 0:24:30]} Nc4 {[%clk 0:41:26]} 28. Nc6 {[%clk 0:21:52]}
a3 {[%clk 0:20:10]} 29. Re4 {[%clk 0:12:03]} Nd2 {[%clk 0:18:29]} 30. Ra4 {[%clk
0:12:31]} Nxf3+ {[%clk 0:18:55]} 31. Kf2 {[%clk 0:12:51]} e4 {[%clk 0:14:22]} 32.
Rxe4 {[%clk 0:12:37]} f5 {[%clk 0:14:43]} 33. Ne7+ {[%clk 0:08:40]} Kh8 {[%clk
0:13:47]} 34. Ra4 {[%clk 0:05:58]} Nxh2 {[%clk 0:11:21]} 35. Rxa6 {[%clk
0:05:48]} Ng4+ {[%clk 0:11:42]} 36. Kf3 {[%clk 0:05:43]} g5 {[%clk 0:09:33]} 37.
Rxa3 {[%clk 0:02:20]} Ne5+ {[%clk 0:09:58]} 38. Kg2 {[%clk 0:02:38]} f4 {[%clk
0:10:09]} 39. gxf4 {[%clk 0:02:39]} gxf4 {[%clk 0:08:16]} 40. Ra5 {[%clk
0:30:35]} f3+ {[%clk 0:37:50]} 41. Kf1 {[%clk 0:24:08]} Nc4 {[%clk 0:32:25]} 42.
Rb5 {[%clk 0:18:39]} Ne3+ {[%clk 0:14:54]} 43. Kf2 {[%clk 0:18:28]} Ng4+ {[%clk
0:14:40]} 44. Kf1 {[%clk 0:18:51]} Rd8 {[%clk 0:15:02]} 45. Rb1 {[%clk 0:16:34]}
h5 {[%clk 0:14:24]} 46. Nf5 {[%clk 0:10:35]} Rd2 {[%clk 0:11:54]} 47. Ng3 {[%clk
0:05:39]} Rxa2 {[%clk 0:08:24]} 48. Ne4 {[%clk 0:01:37]} h4 {[%clk 0:05:46]} 49.
c4 {[%clk 0:00:47]} Re2 {[%clk 0:04:18]} 50. Re1 {[%clk 0:00:40]} Ne3+ {[%clk
0:04:18]} 0-1

[Event "European Women's Championship"]
[Site "Vysoke Tatry"]
[Date "2018.04.10"]
[Round "3"]
[White "Cramling, Pia"]
[Black "Kejzar, Petra"]
[Result "1-0"]
[Board "48"]
[WhiteElo "2472"]
[WhiteTitle "GM"]
[WhiteCountry "SWE"]
[WhiteFideId "1700030"]
[WhiteEloChange "1"]
[BlackElo "2071"]
[BlackCountry "SLO"]
[BlackFideId "14610213"]
[BlackEloChange "-2"]

1. d4 {[%clk 1:30:30]} f5 {[%clk 1:30:55]} 2. Nc3 {[%clk 1:30:52]} Nf6 {[%clk
1:31:06]} 3. Bg5 {[%clk 1:31:15]} d5 {[%clk 1:31:24]} 4. e3 {[%clk 1:31:19]} e6
{[%clk 1:24:52]} 5. Nf3 {[%clk 1:30:03]} Be7 {[%clk 1:22:11]} 6. Bd3 {[%clk
1:30:17]} O-O {[%clk 1:15:40]} 7. Ne2 {[%clk 1:29:38]} c5 {[%clk 1:11:25]} 8. c3
{[%clk 1:24:43]} Nc6 {[%clk 1:09:40]} 9. O-O {[%clk 1:22:11]} Qe8 {[%clk
1:00:59]} 10. b3 {[%clk 1:00:24]} Bd7 {[%clk 0:57:37]} 11. a3 {[%clk 0:57:59]}
Na5 {[%clk 0:52:31]} 12. dxc5 {[%clk 0:54:59]} Bb5 {[%clk 0:52:18]} 13. Bxb5
{[%clk 0:53:01]} Qxb5 {[%clk 0:52:46]} 14. Ned4 {[%clk 0:53:18]} Qd7 {[%clk
0:52:59]} 15. Ne5 {[%clk 0:51:50]} Qc8 {[%clk 0:52:51]} 16. b4 {[%clk 0:51:38]}
Nc6 {[%clk 0:51:10]} 17. Nexc6 {[%clk 0:44:36]} bxc6 {[%clk 0:51:36]} 18. Qa4
{[%clk 0:44:58]} h6 {[%clk 0:49:40]} 19. Nxc6 {[%clk 0:43:31]} Qe8 {[%clk
0:48:24]} 20. Nxe7+ {[%clk 0:43:26]} Qxe7 {[%clk 0:48:53]} 21. Bxf6 {[%clk
0:43:04]} Rxf6 {[%clk 0:46:11]} 22. Rad1 {[%clk 0:37:11]} f4 {[%clk 0:46:01]} 23.
exf4 {[%clk 0:37:27]} Rxf4 {[%clk 0:46:05]} 24. Rd4 {[%clk 0:37:46]} Rf6 {[%clk
0:45:49]} 25. Qc2 {[%clk 0:36:49]} Raf8 {[%clk 0:45:53]} 26. c4 {[%clk 0:36:33]}
e5 {[%clk 0:43:33]} 27. Rxd5 {[%clk 0:30:17]} e4 {[%clk 0:43:51]} 28. Qe2 {[%clk
0:29:39]} e3 {[%clk 0:39:58]} 29. f3 {[%clk 0:29:55]} g5 {[%clk 0:36:28]} 30. Re1
{[%clk 0:20:12]} Re6 {[%clk 0:34:15]} 31. Rd6 {[%clk 0:19:52]} Re5 {[%clk
0:34:03]} 32. Qd3 {[%clk 0:19:31]} Qh7 {[%clk 0:30:20]} 33. Rg6+ {[%clk 0:17:46]}
Kh8 {[%clk 0:29:47]} 34. Qd6 {[%clk 0:18:05]} 1-0

[Event "European Women's Championship"]
[Site "Vysoke Tatry"]
[Date "2018.04.10"]
[Round "3"]
[White "Mkrtchian, Lilit"]
[Black "Zherebtsova, Alexandra"]
[Result "1/2-1/2"]
[Board "49"]
[WhiteElo "2403"]
[WhiteTitle "IM"]
[WhiteCountry "ARM"]
[WhiteFideId "13300601"]
[WhiteEloChange "-3"]
[BlackElo "2202"]
[BlackTitle "WFM"]
[BlackCountry "RUS"]
[BlackFideId "24129518"]
[BlackEloChange "5"]

1. Nf3 {[%clk 1:30:49]} d5 {[%clk 1:30:51]} 2. g3 {[%clk 1:31:07]} g6 {[%clk
1:30:37]} 3. Bg2 {[%clk 1:28:42]} Bg7 {[%clk 1:31:02]} 4. d4 {[%clk 1:29:06]} Nf6
{[%clk 1:29:58]} 5. c4 {[%clk 1:28:34]} c6 {[%clk 1:28:18]} 6. cxd5 {[%clk
1:28:42]} cxd5 {[%clk 1:28:44]} 7. O-O {[%clk 1:28:32]} Nc6 {[%clk 1:27:42]} 8.
Nc3 {[%clk 1:28:03]} Ne4 {[%clk 1:11:22]} 9. e3 {[%clk 1:05:36]} f5 {[%clk
1:00:27]} 10. Ne2 {[%clk 0:49:12]} g5 {[%clk 0:47:32]} 11. b3 {[%clk 0:46:17]}
O-O {[%clk 0:42:28]} 12. Bb2 {[%clk 0:45:28]} Qd6 {[%clk 0:33:57]} 13. Ne1 {[%clk
0:45:43]} b6 {[%clk 0:26:16]} 14. Nd3 {[%clk 0:43:46]} Ba6 {[%clk 0:18:27]} 15.
f3 {[%clk 0:43:16]} Nf6 {[%clk 0:16:31]} 16. Ne5 {[%clk 0:43:35]} f4 {[%clk
0:10:36]} 17. exf4 {[%clk 0:38:51]} gxf4 {[%clk 0:11:00]} 18. Re1 {[%clk
0:37:55]} fxg3 {[%clk 0:10:26]} 19. hxg3 {[%clk 0:37:40]} Nh5 {[%clk 0:09:59]}
20. f4 {[%clk 0:30:45]} Bxe2 {[%clk 0:03:26]} 21. Qxe2 {[%clk 0:31:00]} Nxg3
{[%clk 0:03:42]} 22. Qb5 {[%clk 0:28:52]} Nxe5 {[%clk 0:04:04]} 23. dxe5 {[%clk
0:23:32]} Qg6 {[%clk 0:04:26]} 24. Qxd5+ {[%clk 0:23:39]} e6 {[%clk 0:04:41]} 25.
Qf3 {[%clk 0:23:24]} Rad8 {[%clk 0:02:42]} 26. Ba3 {[%clk 0:19:14]} Rd3 {[%clk
0:02:00]} 27. Qf2 {[%clk 0:17:25]} Rfd8 {[%clk 0:01:17]} 28. Rac1 {[%clk
0:13:53]} Nf5 {[%clk 0:00:47]} 29. Bb4 {[%clk 0:10:43]} Bh6 {[%clk 0:01:00]} 30.
Rc4 {[%clk 0:05:43]} a5 {[%clk 0:00:58]} 31. Bd6 {[%clk 0:04:59]} Kh8 {[%clk
0:00:33]} 32. Rec1 {[%clk 0:04:34]} Rg3 {[%clk 0:00:42]} 33. Rc8 {[%clk 0:04:43]}
Rg8 {[%clk 0:01:02]} 34. Rxg8+ {[%clk 0:04:51]} Qxg8 {[%clk 0:01:29]} 35. Kh1
{[%clk 0:02:00]} Rg4 {[%clk 0:01:15]} 36. Rc4 {[%clk 0:01:37]} b5 {[%clk
0:01:31]} 37. Rc3 {[%clk 0:00:52]} Bxf4 {[%clk 0:01:31]} 38. Rf3 {[%clk 0:00:40]}
Ng3+ {[%clk 0:00:41]} 39. Rxg3 {[%clk 0:00:34]} Bxg3 {[%clk 0:00:36]} 40. Qf6+
{[%clk 0:31:00]} Qg7 {[%clk 0:31:01]} 41. Qd8+ {[%clk 0:31:20]} Qg8 {[%clk
0:31:07]} 42. Qf6+ {[%clk 0:30:59]} 1/2-1/2

[Event "European Women's Championship"]
[Site "Vysoke Tatry"]
[Date "2018.04.10"]
[Round "3"]
[White "Injac, Teodora"]
[Black "Petrenko, Svetlana"]
[Result "1/2-1/2"]
[Board "52"]
[WhiteElo "2290"]
[WhiteTitle "WIM"]
[WhiteCountry "SRB"]
[WhiteFideId "932400"]
[WhiteEloChange "-3"]
[BlackElo "2178"]
[BlackTitle "IM"]
[BlackCountry "MDA"]
[BlackFideId "13900196"]
[BlackEloChange "3"]

1. d4 {[%clk 1:30:57]} d5 {[%clk 1:30:54]} 2. c4 {[%clk 1:31:20]} c6 {[%clk
1:31:00]} 3. Nf3 {[%clk 1:31:25]} Nf6 {[%clk 1:29:02]} 4. e3 {[%clk 1:31:39]} g6
{[%clk 1:28:43]} 5. Nc3 {[%clk 1:31:35]} Bg7 {[%clk 1:28:47]} 6. Be2 {[%clk
1:31:46]} O-O {[%clk 1:28:44]} 7. O-O {[%clk 1:32:09]} Ne4 {[%clk 1:24:19]} 8.
Qc2 {[%clk 1:29:16]} Nxc3 {[%clk 1:17:25]} 9. bxc3 {[%clk 1:27:20]} b6 {[%clk
1:16:30]} 10. a4 {[%clk 1:12:42]} Ba6 {[%clk 1:09:24]} 11. cxd5 {[%clk 0:58:31]}
Bxe2 {[%clk 1:09:20]} 12. Qxe2 {[%clk 0:58:59]} cxd5 {[%clk 1:09:42]} 13. a5
{[%clk 0:56:17]} Nc6 {[%clk 1:06:49]} 14. axb6 {[%clk 0:50:30]} Qxb6 {[%clk
1:07:02]} 15. Ra6 {[%clk 0:47:37]} Qb7 {[%clk 1:07:05]} 16. Ba3 {[%clk 0:46:00]}
Rfc8 {[%clk 1:00:42]} 17. Bc5 {[%clk 0:45:13]} Rc7 {[%clk 0:57:14]} 18. Rfa1
{[%clk 0:44:00]} Rb8 {[%clk 0:54:38]} 19. h4 {[%clk 0:42:08]} Bf8 {[%clk
0:32:03]} 20. h5 {[%clk 0:28:38]} e6 {[%clk 0:23:51]} 21. Bxf8 {[%clk 0:28:27]}
Rxf8 {[%clk 0:24:05]} 22. e4 {[%clk 0:24:17]} dxe4 {[%clk 0:18:43]} 23. Qxe4
{[%clk 0:24:20]} Qb5 {[%clk 0:16:20]} 24. Qf4 {[%clk 0:21:36]} Rfc8 {[%clk
0:15:37]} 25. hxg6 {[%clk 0:17:19]} hxg6 {[%clk 0:15:57]} 26. Ng5 {[%clk
0:12:59]} Qf5 {[%clk 0:07:40]} 27. Qh4 {[%clk 0:10:50]} f6 {[%clk 0:08:06]} 28.
Rxc6 {[%clk 0:05:52]} fxg5 {[%clk 0:08:24]} 29. Rxc7 {[%clk 0:06:21]} Rxc7 {[%clk
0:08:50]} 30. Qg3 {[%clk 0:06:12]} Qf4 {[%clk 0:08:59]} 31. Qd3 {[%clk 0:06:10]}
Qf5 {[%clk 0:09:03]} 32. Qg3 {[%clk 0:05:09]} Qf4 {[%clk 0:09:29]} 33. Qd3 {[%clk
0:05:36]} Qf5 {[%clk 0:09:57]} 34. Qe3 {[%clk 0:05:51]} g4 {[%clk 0:07:59]} 35.
Re1 {[%clk 0:05:49]} Rf7 {[%clk 0:05:36]} 36. c4 {[%clk 0:03:54]} a5 {[%clk
0:05:45]} 37. c5 {[%clk 0:01:32]} a4 {[%clk 0:06:14]} 38. Rf1 {[%clk 0:00:53]} g5
{[%clk 0:02:22]} 39. c6 {[%clk 0:00:45]} Rc7 {[%clk 0:01:32]} 40. Rc1 {[%clk
0:30:59]} Kh8 {[%clk 0:31:02]} 41. g3 {[%clk 0:22:32]} Qf6 {[%clk 0:15:01]} 42.
Rc4 {[%clk 0:14:50]} Kg7 {[%clk 0:10:20]} 43. Rc5 {[%clk 0:08:10]} Kh6 {[%clk
0:09:15]} 44. Qe4 {[%clk 0:07:53]} a3 {[%clk 0:04:38]} 45. Re5 {[%clk 0:06:52]}
a2 {[%clk 0:04:46]} 46. Ra5 {[%clk 0:06:58]} Qg6 {[%clk 0:04:23]} 47. Qxg6+
{[%clk 0:00:49]} Kxg6 {[%clk 0:04:51]} 48. Rxa2 {[%clk 0:01:10]} Rxc6 {[%clk
0:05:18]} 49. Re2 {[%clk 0:00:50]} Kf5 {[%clk 0:05:21]} 50. Re5+ {[%clk 0:01:06]}
Kf6 {[%clk 0:05:47]} 51. Re4 {[%clk 0:00:41]} Kf5 {[%clk 0:04:58]} 52. Re5+
{[%clk 0:00:41]} 1/2-1/2

[Event "European Women's Championship"]
[Site "Vysoke Tatry"]
[Date "2018.04.10"]
[Round "3"]
[White "Novosadova, Kristyna"]
[Black "Caglar, Sila"]
[Result "1/2-1/2"]
[Board "58"]
[WhiteElo "2240"]
[WhiteCountry "CZE"]
[WhiteFideId "328065"]
[WhiteEloChange "-4"]
[BlackElo "2077"]
[BlackTitle "WFM"]
[BlackCountry "TUR"]
[BlackFideId "6364063"]
[BlackEloChange "4"]

1. d4 {[%clk 1:30:57]} Nf6 {[%clk 1:30:49]} 2. c4 {[%clk 1:31:12]} g6 {[%clk
1:30:47]} 3. Nc3 {[%clk 1:31:06]} Bg7 {[%clk 1:29:53]} 4. e4 {[%clk 1:30:43]} d6
{[%clk 1:30:15]} 5. f3 {[%clk 1:29:20]} O-O {[%clk 1:30:24]} 6. Be3 {[%clk
1:29:36]} e5 {[%clk 1:30:41]} 7. d5 {[%clk 1:29:24]} c6 {[%clk 1:31:00]} 8. Qd2
{[%clk 1:24:17]} a6 {[%clk 1:28:13]} 9. dxc6 {[%clk 1:18:08]} Nxc6 {[%clk
1:28:22]} 10. Rd1 {[%clk 1:02:59]} Qa5 {[%clk 1:25:34]} 11. Bd3 {[%clk 0:59:44]}
Nh5 {[%clk 1:23:34]} 12. Nge2 {[%clk 0:58:59]} Be6 {[%clk 1:18:27]} 13. O-O
{[%clk 0:53:22]} Rac8 {[%clk 1:11:40]} 14. b3 {[%clk 0:52:02]} Nf4 {[%clk
1:07:38]} 15. g3 {[%clk 0:41:07]} Nxe2+ {[%clk 1:01:32]} 16. Nxe2 {[%clk
0:41:01]} Qc7 {[%clk 0:56:19]} 17. Bb1 {[%clk 0:37:00]} Rcd8 {[%clk 0:55:37]} 18.
Rc1 {[%clk 0:33:51]} f5 {[%clk 0:48:54]} 19. exf5 {[%clk 0:27:15]} gxf5 {[%clk
0:48:15]} 20. Nc3 {[%clk 0:22:53]} f4 {[%clk 0:31:49]} 21. Nd5 {[%clk 0:12:59]}
fxe3 {[%clk 0:20:32]} 22. Qd3 {[%clk 0:13:16]} Bxd5 {[%clk 0:18:01]} 23. Qxh7+
{[%clk 0:12:16]} Kf7 {[%clk 0:18:29]} 24. cxd5 {[%clk 0:10:48]} e2 {[%clk
0:15:26]} 25. Rf2 {[%clk 0:06:10]} Qa5 {[%clk 0:09:43]} 26. Qg6+ {[%clk 0:04:15]}
Kg8 {[%clk 0:10:00]} 27. Qh7+ {[%clk 0:02:15]} Kf7 {[%clk 0:10:21]} 28. Qg6+
{[%clk 0:00:46]} 1/2-1/2

[Event "European Women's Championship"]
[Site "Vysoke Tatry"]
[Date "2018.04.10"]
[Round "3"]
[White "Milcova, Zuzana"]
[Black "Semenova, Elena"]
[Result "0-1"]
[Board "60"]
[WhiteElo "2033"]
[WhiteCountry "SVK"]
[WhiteFideId "14920026"]
[WhiteEloChange "-5"]
[BlackElo "2221"]
[BlackTitle "WIM"]
[BlackCountry "RUS"]
[BlackFideId "24125148"]
[BlackEloChange "5"]

1. e4 {[%clk 1:30:57]} e5 {[%clk 1:30:51]} 2. Nf3 {[%clk 1:31:22]} Nc6 {[%clk
1:31:16]} 3. d4 {[%clk 1:31:48]} exd4 {[%clk 1:31:37]} 4. Nxd4 {[%clk 1:32:12]}
Nf6 {[%clk 1:32:04]} 5. Nxc6 {[%clk 1:32:22]} bxc6 {[%clk 1:32:29]} 6. Nd2 {[%clk
1:31:44]} d6 {[%clk 1:32:27]} 7. Bd3 {[%clk 1:31:01]} g6 {[%clk 1:32:20]} 8. b3
{[%clk 1:26:20]} Bg7 {[%clk 1:31:22]} 9. Bb2 {[%clk 1:26:25]} O-O {[%clk
1:31:08]} 10. O-O {[%clk 1:26:18]} c5 {[%clk 1:22:32]} 11. Re1 {[%clk 1:11:01]}
Rb8 {[%clk 0:58:28]} 12. Nc4 {[%clk 1:02:50]} Bb7 {[%clk 0:48:45]} 13. f3 {[%clk
0:42:08]} Nh5 {[%clk 0:38:36]} 14. Bxg7 {[%clk 0:40:16]} Kxg7 {[%clk 0:39:02]}
15. Qd2 {[%clk 0:39:08]} Re8 {[%clk 0:38:09]} 16. Ne3 {[%clk 0:27:55]} Kg8 {[%clk
0:26:13]} 17. Ng4 {[%clk 0:19:26]} Bc8 {[%clk 0:25:01]} 18. Nh6+ {[%clk 0:09:48]}
Kf8 {[%clk 0:11:57]} 19. Rad1 {[%clk 0:06:06]} Qe7 {[%clk 0:03:12]} 20. g4 {[%clk
0:05:13]} Ng7 {[%clk 0:03:21]} 21. Bc4 {[%clk 0:02:41]} Be6 {[%clk 0:03:36]} 22.
Bd5 {[%clk 0:01:25]} Qf6 {[%clk 0:01:55]} 23. e5 {[%clk 0:01:06]} dxe5 {[%clk
0:02:07]} 24. Qe3 {[%clk 0:00:41]} Bxd5 {[%clk 0:01:54]} 25. Qxc5+ {[%clk
0:00:47]} Qe7 {[%clk 0:01:45]} 26. Rxd5 {[%clk 0:00:53]} f6 {[%clk 0:01:10]} 27.
Red1 {[%clk 0:00:45]} Qxc5+ {[%clk 0:01:22]} 28. Rxc5 {[%clk 0:01:14]} Ne6 {[%clk
0:01:43]} 29. Rc6 {[%clk 0:00:56]} Rb6 {[%clk 0:01:01]} 30. Rxb6 {[%clk 0:01:06]}
axb6 {[%clk 0:01:30]} 31. Rd7 {[%clk 0:00:45]} Re7 {[%clk 0:01:57]} 32. Rxe7
{[%clk 0:00:57]} Kxe7 {[%clk 0:02:25]} 33. Kf2 {[%clk 0:01:08]} Kf8 {[%clk
0:02:00]} 34. h4 {[%clk 0:01:09]} Kg7 {[%clk 0:02:28]} 35. g5 {[%clk 0:01:24]}
fxg5 {[%clk 0:02:45]} 36. hxg5 {[%clk 0:01:53]} Nxg5 {[%clk 0:03:11]} 37. Ng4
{[%clk 0:02:10]} Nf7 {[%clk 0:03:19]} 38. Ne3 {[%clk 0:02:28]} Nd8 {[%clk
0:01:51]} 39. a4 {[%clk 0:02:34]} Kf7 {[%clk 0:02:00]} 40. Nd5 {[%clk 0:32:25]}
Ne6 {[%clk 0:30:40]} 41. b4 {[%clk 0:24:10]} Ke8 {[%clk 0:30:37]} 42. a5 {[%clk
0:08:42]} bxa5 {[%clk 0:17:44]} 43. bxa5 {[%clk 0:09:10]} Kd8 {[%clk 0:17:53]}
44. a6 {[%clk 0:04:47]} Kc8 {[%clk 0:18:19]} 45. Ne7+ {[%clk 0:04:55]} Kb8 {[%clk
0:18:46]} 46. Nc6+ {[%clk 0:05:21]} Ka8 {[%clk 0:19:05]} 47. c3 {[%clk 0:04:13]}
Nc5 {[%clk 0:18:56]} 48. Ke3 {[%clk 0:03:24]} Nd7 {[%clk 0:10:05]} 49. Ke4 {[%clk
0:01:57]} h5 {[%clk 0:07:18]} 50. Ke3 {[%clk 0:01:21]} g5 {[%clk 0:06:25]} 51.
Kf2 {[%clk 0:01:32]} h4 {[%clk 0:05:25]} 52. Kg2 {[%clk 0:01:43]} Nc5 {[%clk
0:04:19]} 53. Nxe5 {[%clk 0:00:46]} Ka7 {[%clk 0:04:42]} 54. f4 {[%clk 0:00:41]}
gxf4 {[%clk 0:05:00]} 55. Ng6 {[%clk 0:00:56]} Ne6 {[%clk 0:04:31]} 56. Nxh4
{[%clk 0:00:51]} Kxa6 {[%clk 0:04:57]} 57. Nf3 {[%clk 0:00:44]} Kb5 {[%clk
0:05:11]} 58. Nd2 {[%clk 0:00:45]} Ng5 {[%clk 0:04:26]} 59. Kf2 {[%clk 0:00:54]}
Ka4 {[%clk 0:04:17]} 60. Ke2 {[%clk 0:01:06]} Ka3 {[%clk 0:04:32]} 61. Kd3 {[%clk
0:01:08]} Kb2 {[%clk 0:04:10]} 62. Nf1 {[%clk 0:00:44]} Kc1 {[%clk 0:03:39]} 63.
Kd4 {[%clk 0:00:41]} Kd1 {[%clk 0:03:25]} 64. Nh2 {[%clk 0:00:37]} Kd2 {[%clk
0:02:03]} 65. c4 {[%clk 0:00:47]} f3 {[%clk 0:01:48]} 66. Ng4 {[%clk 0:00:34]}
Nf7 {[%clk 0:01:45]} 67. Ke4 {[%clk 0:00:36]} Ke2 {[%clk 0:01:57]} 68. Kd5 {[%clk
0:00:34]} Nd8 {[%clk 0:00:49]} 69. Ke5 {[%clk 0:00:34]} f2 {[%clk 0:01:03]} 70.
Nh2 {[%clk 0:00:46]} f1Q {[%clk 0:01:20]} 71. Nxf1 {[%clk 0:01:13]} Kxf1 {[%clk
0:01:48]} 72. c5 {[%clk 0:00:36]} Ke2 {[%clk 0:02:08]} 73. Kf6 {[%clk 0:00:34]}
Kd3 {[%clk 0:02:30]} 74. Ke7 {[%clk 0:00:47]} Kc4 {[%clk 0:02:07]} 75. c6 {[%clk
0:00:34]} Kb5 {[%clk 0:02:26]} 76. Kd7 {[%clk 0:00:42]} Kb6 {[%clk 0:02:52]} 0-1